| 000 | 00661nam a2200229Ia 4500 | ||
|---|---|---|---|
| 003 | OSt | ||
| 005 | 20230518150315.0 | ||
| 008 | 210423s2014 xx 000 0 und d | ||
| 020 | _a978-81-265-4902-3 | ||
| 040 | _cAL | ||
| 041 | _aeng | ||
| 082 |
_a515 _223 _bRICA |
||
| 100 |
_aRICHARDSON (Leonard F) _9108455 |
||
| 245 | _aAdvanced calculus: an introduction to linear analysis | ||
| 260 |
_aNew Delhi _bWiley and Sons _c2014 |
||
| 300 |
_axxv,387 _bHB |
||
| 365 |
_b3895 _cINR |
||
| 650 |
_aMathematical Analysis _9108456 |
||
| 650 |
_aMathematics _9108457 |
||
| 906 | _aAdvanced ; an ; analysis ; calculus: ; introduction ; linear | ||
| 942 |
_2ddc _cBK |
||
| 999 |
_c166836 _d166836 |
||